Gaming Quiz

Random Gaming Quiz
Score 0/33 Timer 10:00
0 Plays Today
Type Weapon % Correct
MeleeKnife
96.3%
MeleeBaseball Bat
95.5%
FirearmMachine Gun
91.8%
FirearmShotgun
91.8%
MeleeLead Pipe
82.1%
FirearmUzi
79.9%
MeleeKatana
77.6%
ThrownGlass Bottle
76.9%
ThrownBrick
72.4%
FirearmSilenced Pistol
68.7%
MeleeGolf Club
67.9%
MeleeFireaxe
64.9%
FirearmDouble Barrel
61.9%
ThrownNinja Star
61.2%
FirearmMagnum
59%
MeleeCrowbar
57.5%
ThrownHammer
57.5%
Type Weapon % Correct
MeleeMachete
56%
MeleeDrill
53.7%
FirearmSilenced Uzi
53.7%
MeleeSledgehammer
51.5%
MeleePool Cue
50.7%
ThrownDart
48.5%
MeleeFrying Pan
47.8%
ThrownBeer Can
45.5%
FirearmMP5
41.8%
ThrownScissors
41.8%
MeleeBaton
38.8%
ThrownThrowing Knife
38.8%
MeleeTrophy
34.3%
FirearmSkorpian
34.3%
MeleePot
33.6%
MeleeBriefcase
26.9%
Remove Ads.
Support Sporcle.
Get the best of Sporcle when you Go Orange. This ad-free experience offers more features, more stats, and more fun while also helping to support Sporcle. Thank you for becoming a member.

You're not logged in!

Compare scores with friends on all Sporcle quizzes.
OR
Log In

Show Comments

Extras

Created Dec 12, 2012SourceReportNominate
Tags:Miami, Weapons

Top Quizzes Today


Score Distribution

Your Account Isn't Verified!

In order to create a playlist on Sporcle, you need to verify the email address you used during registration. Go to your Sporcle Settings to finish the process.

Report this User

Report this user for behavior that violates our Community Guidelines.

Details: